00597nam a2200217Ia 4500008004100000020001800041050001400059100001900073245001800092245002200110260001500132260001600147260000900163300001600172300002000188300001000208300002700218500000800245999001900253952010700272170918s9999 xx 000 0 und d a9780545289993 bM554 2011 aMercer, Sienna aLucky break / cby Sienna Mercer. aNew York : bScholastic, c2011 a193 pages : billustrations ; c19cm. eMy sister the vampire. a720 c344229d344229 001040aSSISMbSSISMd2017-09-18l0oGS FIC M554 2011pSSISM3301r2017-09-18 00:00:00w2017-09-18yBK